000 00608cab a2200193 4500
001 ABS39638
008 090401t1988 xxu||||| |||| 00| 0 eng d
035 _a(Sirsi) u17915
041 _aeng
245 _aOpencast mining in Great Britain
260 _c1988
350 _a0
490 _aColliery Guardian
_v236(7) July 1988, 221-4(2)
520 _aReview of opencast mining in Britain looking at its economic importance, its effect on the environment , employment in the industry and current research .
650 _aECONOMICS
690 _aMINING AND MINERALS
942 _n0
948 _c04/03/1997
999 _c11882
_d11882